Comparing alternative test of causality in temporal systems (Registro nro. 26432)

Detalles MARC
000 -LEADER
fixed length control field 00404 a2200133 4500
001 - CONTROL NUMBER
control field ART_12503
005 - DATE AND TIME OF LATEST TRANSACTION
control field 20260410161907.0
008 - FIXED-LENGTH DATA ELEMENTS--GENERAL INFORMATION
fixed length control field 260409a
100 1# - MAIN ENTRY--PERSONAL NAME
Personal name Geweke, John
245 10 - TITLE STATEMENT
Title Comparing alternative test of causality in temporal systems
700 1# - ADDED ENTRY--PERSONAL NAME
Personal name Meese, Richard
700 1# - ADDED ENTRY--PERSONAL NAME
Personal name Dent, Warren
773 0# - HOST ITEM ENTRY
Title Journal of econometrics
Related parts - Vol. 21, Nº 2 (feb. 1983)
Record control number REV11720

No hay ítems disponibles.